000 00461nam a2200181Ia 4500
005 20250508152203.0
008 008 250505s9999 xx 000 0 eng d
037 _aTextual
040 _aFEDL
_beng
_cFEDL
041 _aeng
_2eng
084 _aF, PRO
_qFEDL
100 _aProust Marcel
245 0 _aSweet cheat gone
260 _aLondon, UK
_bChatto and Windus
_c1952
300 _a379p.
942 _cTEXL
_hF, PRO
999 _c1334847
_d1334847